书目信息 |
| 题名: |
控制工程手册
|
|
| 作者: | 孙优贤 编著 | |
| 分册: | 上册 | |
| 出版信息: | 北京 化学工业出版社 2016.02 |
|
| 页数: | 1234页 | |
| 开本: | 27cm | |
| 丛书名: | ||
| 单 册: | ||
| 中图分类: | TP13 | |
| 科图分类: | ||
| 主题词: | 自动控制理论 | |
| 电子资源: | ||
| ISBN: | 978-7-122-22723-2 | |
| 000 | 01137nam0 2200265 450 | |
| 001 | 0120161753708 | |
| 005 | 20170327084439.15 | |
| 010 | @a978-7-122-22723-2@b精装@dCNY288.00 | |
| 100 | @a20160203d2016 em y0chiy50 ea | |
| 101 | 0 | @achi |
| 102 | @aCN@b110000 | |
| 105 | @aak z 001yy | |
| 106 | @ar | |
| 200 | 1 | @a控制工程手册@9kong zhi gong cheng shou ce@h上册@f孙优贤等编著 |
| 210 | @a北京@c化学工业出版社@d2016.02 | |
| 215 | @a1234页@c图@d27cm | |
| 300 | @a“十二五”国家重点图书 | |
| 304 | @a英文共同题名:Handbook of control engineering | |
| 330 | @a本书分上、下两册,本书是上册,包括4篇内容。第1篇是自动检测仪表,内容包括测量技术基础,温度、压力、流量等。第2篇是计算机控制系统,内容包括可编程控制器PLC、集散控制系统DCS等;第3篇是控制工程方程,内容包括单回路控制器、先进控制、智能控制等;第4篇是控制工程技术,内容包括信号处理和数据校正技术、系统建模技术、软测量技术等。 | |
| 333 | @a各行业从事自动控制设计、施工的技术人员,高校自控专业师生以及研究人员 | |
| 606 | 0 | @a自动控制理论 |
| 690 | @aTP13@v5 | |
| 701 | 0 | @a孙优贤@9sun you xian@4编著 |
| 801 | 0 | @aCN@b人天书店@c20160203 |
| 905 | @b981082-84@dTP13@e107:1@f3 | |
| 控制工程手册.上册/孙优贤等编著.-北京:化学工业出版社,2016.02 |
| 1234页:图;27cm |
| “十二五”国家重点图书.-使用对象:各行业从事自动控制设计、施工的技术人员,高校自控专业师生以及研究人员 |
| ISBN 978-7-122-22723-2(精装):CNY288.00 |
| 本书分上、下两册,本书是上册,包括4篇内容。第1篇是自动检测仪表,内容包括测量技术基础,温度、压力、流量等。第2篇是计算机控制系统,内容包括可编程控制器PLC、集散控制系统DCS等;第3篇是控制工程方程,内容包括单回路控制器、先进控制、智能控制等;第4篇是控制工程技术,内容包括信号处理和数据校正技术、系统建模技术、软测量技术等。 |
| ● |
| 相关链接 |
|
|
|
|
正题名:控制工程手册
索取号:TP13/107:1
 
预约/预借
| 序号 | 登录号 | 条形码 | 馆藏地/架位号 | 状态 | 备注 |
| 1 | 981082 | 209810828 | 第二样本阅览室/ [索取号:TP13/107:1] | 在馆 | |
| 2 | 981083 | 209810837 | 第三借阅区/ [索取号:TP13/107:1] | 在馆 | |
| 3 | 981084 | 209810846 | 物理系资料室/ [索取号:TP13/107:1] | 在馆 |